| 000 -LEADER |
| fixed length control field |
00388nam a22000977a 4500 |
| 008 - FIXED-LENGTH DATA ELEMENTS--GENERAL INFORMATION |
| fixed length control field |
160418b xxu||||| |||| 00| 0 eng d |
| 100 ## - MAIN ENTRY--AUTHOR'S NAME |
| Author's Name |
Cercle Philatelique France - U.R.S.S. |
| 245 ## - TITLE STATEMENT |
| Title |
Catalogue special de timbres-poste Empire Russe et Union Sovietique |
| 260 ## - PUBLICATION, DISTRIBUTION, ETC. (IMPRINT) |
| Place of publication, distribution, etc. |
Parice |
| Name of publisher, distributor, etc. |
Le Cercle Philatelique France - U.R.S.S. |
| Date of publication, distribution, etc. |
1956 |
| 650 ## - TOPICAL TERM (Tag) |
| Topical term or geographic name |
Soviet Union | Russia (-1917) | Catalogs and Price Lists |